Jesucristo según los Evangelios

Gespeichert in:
Bibliographische Detailangaben
1. Verfasser: Ruano Ramos, Juan, A Autor, Doctor en Sagrada Teología y profesor de Religión del Instituto de Enseñanza Media Nacional Fray Luís de León de Salamanca
Format: keine Angabe
Sprache:Spanisch
Erschienen: Salamanca, España Imprenta Comercial Salmantina 1945
Katalog:MANES:  Suchergebnis im Bibliothekskatalog
Schulbuchspezifische Eigenschaften:
Schlagworte:
Tags: Tag hinzufügen
Keine Tags, Fügen Sie den ersten Tag hinzu!
Hinzugefügt zu:26.04.2016

MARC

LEADER 000000000a22000000004500
001 13473
008 160427s sp ||||| |||| 00| 0 spa d
040 |a manes  |c manes 
100 1 |a Ruano Ramos, Juan, A  |b Autor, Doctor en Sagrada Teología y profesor de Religión del Instituto de Enseñanza Media Nacional Fray Luís de León de Salamanca 
245 0 0 |a  Jesucristo según los Evangelios 
260 |a Salamanca, España  |b Imprenta Comercial Salmantina  |c 1945 
300 |a 213 p.  |c 20 x 14 cm 
500 |a Contiene numerosos grabados y un mapa de Palestina  |a USO:2º curso de Bachillerato 
546 |a España 
650 7 |a Religión y Moral 
655 7 |a Secundaria 
942 |2 ddc  |c BK 
999 |c 48469  |d 48469 
999 |c manes:48469  |d 48469